Statistics for Overwatch quotes

Click here to take the quiz!

General Stats

  • This quiz has been taken 270 times
    (107 since last reset)
  • The average score is 41 of 58

Answer Stats

Hint Answer % Correct
Cheers love! The cavalry's here!Tracer
99%
I've got you in my sights!Soldier 76
90%
Everything can be hacked... and everyone.Sombra
89%
B.O.B.! Do Somethin'!Ashe
89%
The dragon becomes me!Genji
87%
One shot, one kill.Widowmaker
87%
Justice rains from above!Pharah
84%
A steady blade balances the soul.Genji
83%
Nerf this!D.Va
82%
With every death, comes honor. With honor, redemption.Hanzo
82%
Rally to me!Brigitte
81%
Let's shoot for a new high score!D.Va
80%
Cease your resistance!Orisa
80%
No one can hide from my sight.Widowmaker
80%
Experience tranquility.Zenyatta
80%
Look at this team... we're gonna do great!Lucio
80%
Let's drop the beat!Lucio
80%
Let the dragon consume you!Hanzo
80%
Die! Die! Die!Reaper
80%
Area denied.Wrecking Ball
79%
Hook, line, and sinker!Roadhog
79%
Don't worry my friends. I am your shield!Reinhardt
79%
You're powered up, get in there!Ana
79%
I'm a one-man apocalypse.Roadhog
78%
Fire at will!Zarya
78%
Ladies and gentlemen, start your engines!Junkrat
78%
Build 'em up, break 'em down!Torbjorn
76%
Science will reveal the truth.Moira
76%
Your safety is my primary concern.Orisa
75%
The world could always use more heroes.Tracer
75%
Surrender to my will!Moira
74%
Rising uppercut!Doomfist
71%
Smoke 'em outta there!Ashe
71%
I can bench more than you!Zarya
71%
Back in my day we'd have this payload delivered already!Soldier 76
70%
That which doesn't kill you, makes you stronger.Reaper
70%
Been here all along.Sombra
69%
Must violence always be the solution?Mercy
67%
Justice ain't gonna dispense itself.McCree
66%
Excuse me for dropping in.Winston
65%
I've seen worse. You're going to live.Ana
65%
Imagination is the essence of discovery.Winston
65%
Vocabulary not found. Translation impossible.Wrecking Ball
65%
Heh heh, I have big plans for you.Torbjorn
64%
From light into being.Symmetra
64%
Let's see you get past this.Mei
62%
Only through conflict do we evolve.Doomfist
62%
Overconfidence is a flimsy shield.Zenyatta
62%
Step right up.McCree
61%
I'll just leave this here...Junkrat
57%
Catchphrase!Reinhardt
57%
I will prove myself!Brigitte
53%
I have my eye on you.Mercy
52%
Looks like that apple a day thing didn't work out for you.Baptiste
51%
Do not deviate from the plan, and victory will be ours.Symmetra
47%
System check initiated. Green across the board, I'm ready for action.Pharah
46%
Light 'em up!Baptiste
44%
It's good to get out of the lab.Mei
37%

Score Distribution

Percentile by Number Answered

Percent of People with Each Score

Your Score History

You have not taken this quiz since the last reset